000 00293nam a2200133Ia 4500
100 _aDeo/Narsingh
942 _cBK
654 _asimulation
245 _aSystem simulation and digital computer
260 _bPrentice Hall
_c2003
082 _a4.2
_bDEO
300 _a200
546 _aENGLISH
999 _c23236
_d23236